Countries with the highest average IQ - Statistics

General Stats
  • This quiz has been taken 64 times
  • The average score is 13 of 20
Answer Stats
Average IQ Answer % Correct
104.1 China
97%
106.48 Japan
95%
102.35 South Korea
90%
99.52 Canada
87%
99.12 United Kingdom
87%
101.2 Finland
84%
99.24 Switzerland
82%
106.47 Taiwan
80%
100.74 Germany
79%
105.89 Singapore
79%
100.74 Netherlands
72%
99.24 Australia
66%
99.87 Luxembourg
59%
101.07 Liechtenstein
52%
100.72 Estonia
48%
98.82 North Korea
48%
98.6 Slovenia
34%
99.24 Hungary
30%
101.6 Belarus
26%
99.75 Cambodia
15%
No matching quizzes found
Score Distribution
Percent of People with Each Score
Percentile by Number Answered
Your Score History
You have not taken this quiz